| 000 | 00422nam a2200181Ia 4500 | ||
|---|---|---|---|
| 008 | 170918s9999 xx 000 0 und d | ||
| 020 | _a312995423 | ||
| 050 | _bB877di 1998 | ||
| 100 | _aBrown, Dan | ||
| 245 | _aDigital fortress / | ||
| 245 | _cby Dan Brown. | ||
| 260 | _aUSA : | ||
| 260 | _bSt. Martin's Paperbacks, | ||
| 260 | _c1998 | ||
| 300 | _a429 pages : | ||
| 300 | _billustrations ; | ||
| 300 | _c17cm. | ||
| 999 |
_c343506 _d343506 |
||